| 000 | 00467cam a2200181 i 4500 | ||
|---|---|---|---|
| 005 | 20250207173614.0 | ||
| 008 | 970404s2003 mex d 0000 spa c | ||
| 020 | _a0582511550 | ||
| 041 |
_aING _aESP |
||
| 082 | _aR 423 D545d | ||
| 245 | _aLongman Diccionario Pocket Inglés- Español, Español-Inglés | ||
| 260 |
_aInglaterra _bPearson _c2003 |
||
| 300 | _a802 páginas | ||
| 650 | _aDICCIONARIO | ||
| 650 | _aINGLÉS | ||
| 650 | _aESPAÑOL | ||
| 942 |
_cREF _2ddc |
||
| 999 |
_c8779 _d8779 |
||